Caste / (Record no. 5559)

MARC details
000 -LEADER
fixed length control field 00654nam a22002417a 4500
005 - DATE & TIME
control field 20231025172459.0
008 - FIXED-LENGTH DATA ELEMENTS--GENERAL INFORMATION
fixed length control field 230516b |||||||| |||| 00| 0 eng d
020 ## - ISBN
International Standard Book Number 0335197175
040 ## - CATALOGING SOURCE
Original cataloging agency MCHV Library
041 ## - Language
Language English
082 ## - DDC NUMBER
Classification number 305.5122
Book Number SHA
100 ## - MAIN ENTRY--PERSONAL NAME
Personal name Sharma, Ursula
245 ## - TITLE STATEMENT
Title Caste /
Statement of responsibility Ursula Sharma
260 ## - PUBLICATION, DISTRIBUTION, ETC. (IMPRINT)
Place of publication, distribution, etc Buckingham :
Name of publisher, distributor, etc Open University,
Date of publication, distribution, etc 1999.
300 ## - PHYSICAL DESCRIPTION
Pages 105p. ;
Dimension 21cm.
490 ## - SERIES STATEMENT
SERIES STATEMENT Concepts in the social sciences / edited by Frank Parkin
500 ## - GENERAL NOTE
General note Includes bibliography and index.
650 ## - Subject
Subject India
650 ## - Subject
Subject Caste
650 ## - Subject
Subject Social conditions
650 ## - Subject
Subject Philosophy, Indic
942 ## - ADDED ENTRY ELEMENTS (KOHA)
Koha item type Books
Holdings
Location (home branch) Koha item type Koha date last seen Accession No. Koha full call number Koha issues (times borrowed) Date acquired Sublocation or collection (holding branch) Withdrawn status Not for loan Damaged status Source of classification or shelving scheme Lost status
MCHV Library Books 05/16/2023 HV2487 305.5122 SHA   05/16/2023 MCHV Library       Dewey Decimal Classification  
Management Center for Human Values © 2022. All rights reserved